000 00349nam a2200109Ia 4500
008 171204s9999 xx 000 0 und d
245 4 _aThe Active Reader: Strategies for Academic Reading and Writing
245 _cEric Henderson
260 _c2017
650 _xPRF Ed 3: Developmental Reading
856 _uhttp://down.ebook777.com/052/0199012458.pdf
999 _c345863
_d345863